000 00718nam a2200217Ii 4500
003 JO-AjNU
008 230605s9999||||xx |||||||||||||| ||und||
017 _a1981/2022
020 _a977-7317-89-1
040 _aJO-AjNU
_bara
_erda
_cJO-AjNU
041 _aara
050 1 4 _aHD9502.A2 H37 19.1981
100 3 _aهيز،دينس؛ ترجمة: حاتم نصر فريد,
_eauthor
_912932
245 0 0 _aعالم ما بعد البترول= The Transsition to a post-petroleum world
264 3 1 _aالقاهرة: مكتبة غريب ،1981
300 _a269ص
336 _atext
_btxt
_2rdacontent
337 _aunmediated
_bn
_2rdamedia
338 _avolume
_bnc
_2rdacarrier
650 4 _aمصادر الطاقة
_912933
999 _aA3087
_c6655
_d6655